Los primeros viajeros a Grecia y el ideal helénico

I tiakina i:
Ngā taipitopito rārangi puna kōrero
Kaituhi matua: Constantine, David (Author)
Hōputu: Pukapuka
Reo:Pāniora
I whakaputaina: Ciudad de México Fondo de Cultura Ecónomica 1989
Rangatū:Breviarios del Fondo de Cultura Económica, 493
Ngā marau:
Ngā Tūtohu: Tāpirihia he Tūtohu
Kāore He Tūtohu, Me noho koe te mea tuatahi ki te tūtohu i tēnei pūkete!

MARC

LEADER 00000nam a2200000 a 4500
001 UCR6917
003 CL-VaPUC
005 20250227100448.0
008 980424e19890000MX |||||||||||||||||spa|d
999 |c 268808  |d 268806 
040 |c Pontificia Universidad Católica de Valparaíso 
082 0 4 |a 910.92 CON 1989  |2 21 
100 0 |a Constantine, David  |e author  |9 408123 
245 1 4 |a Los primeros viajeros a Grecia y el ideal helénico 
260 |a Ciudad de México  |b Fondo de Cultura Ecónomica  |c 1989 
300 |a 435 páginas 
490 0 |a Breviarios del Fondo de Cultura Económica,  |v  493 
583 |a last modification  |c 20160826 09:56:04  |k Rodrigo Vera 
650 0 |a Viajeros  |9 267525 
650 0 |a Historia Siglo 18  |9 257136 
650 0 |a Viajes y expediciones   |9 408124 
651 0 |a Grecia  |9 265314 
942 |c BK  |2 ddc 
945 |d 19980424 00:00:00  |a rbrito 
952 |0 0  |1 0  |4 0  |6 910_920000000000000_CON_1989  |7 0  |8 A  |9 302213  |a BIBART  |b BIBART  |d 2019-11-20  |i 342054K  |o 910.92 CON 1989  |p 342054K  |r 2025-03-13  |w 2019-11-20  |y BK  |k ART